01507nam a2200397 i 4500001001200000003000800012006001900020007001500039008004100054020002700095020001800122040003500140035002100175050002400196082001400220245004800234246004900282264004800331300005100379336002100430337002300451338003200474504004100506588004700547590014700594650002300741650003400764650004000798650003500838650003300873655002200906710002600928797001200954856012600966999001701092ebr10828016CaPaEBRm o d cr cn|||||||||100908s2013 enka ob 100 0 eng d a9781909030572 (e-book) z9781909030565 aCaPaEBRbengerdaepncCaPaEBR a(OCoLC)87414624614aTS1890b.L38 2013eb04a668.922200aLatex & synthetic polymer dispersions 2013.3 aLatex and synthetic polymer dispersions 2013 1aLondon :bSmithers Rapra Technology,c2013. a1 online resource (158 pages) :billustrations atext2rdacontent acomputer2rdamedia aonline resource2rdacarrier aIncludes bibliographical references. aDescription based on print version record. aElectronic reproduction. Palo Alto, Calif. : ebrary, 2014. Available via World Wide Web. Access may be limited to ebrary affiliated libraries. 0aLatexvCongresses. 0aLatex, SyntheticvCongresses. 0aWater-soluble polymersvCongresses. 0aDispersing agentsvCongresses. 0aSurgical glovesvCongresses. 0aElectronic books.2 aSmithers Rapra (Firm)2 aebrary.40uhttp://site.ebrary.com/lib/rucke/Doc?id=10828016zAn electronic book accessible through the World Wide Web; click to view c84897d84897